| 000 | 00804cam5a220026500 4500 | ||
|---|---|---|---|
| 001 | lce00786870 | ||
| 008 | 700316c19701969nyu b 000 0 eng | ||
| 010 | _a 72092188 | ||
| 020 | _a0671204122 | ||
| 020 | _c7.95 | ||
| 035 | _a(Sirsi) r113959 | ||
| 035 | _a(DLC) 72092188 | ||
| 035 | _a(UPRA)lce00786870 | ||
| 050 | 0 |
_aLB41 _b.G84 1970 |
|
| 082 | _a370/.8 | ||
| 100 | 1 |
_aGross, Beatrice. _6A76455.1 |
|
| 245 | 1 | 0 |
_aRadical school reform, _cedited by Beatrice and Ronald Gross. |
| 260 |
_aNew York, _bSimon and Schuster _c[1970, c1969] |
||
| 504 | _aBibliography: p. 347-348. | ||
| 650 | 0 |
_aEducation. _6S3595.1 |
|
| 700 | 1 |
_aGross, Ronald. _6A76456.1 |
|
| 949 |
_aLB41 _wlcc _i33729000409404 _mMAIN _tBOOK _lON-SHELF |
||
| 949 |
_aLB41 _wlcc _i-163458 _mMAIN _tBOOK _lON-SHELF |
||
| 004 | 113959 | ||
| 999 |
_c192570 _d192569 |
||